[Event "Titled Tuesday intern op 04th Mar Early"]
[Site "Chess.com INT"]
[Date "2025.03.04"]
[Round "11"]
[White "Anand, Tsogtbileg"]
[Black "Nagare, Akhilesh"]
[Result "1-0"]
[WhiteElo "2057"]
[BlackElo "2211"]
[PlyCount "83"]
[EventDate "2025.03.04"]
[EventType "swiss (blitz)"]
[EventRounds "11"]
[EventCountry "USA"]
[SourceTitle "CB11_2025"]
[SourceDate "2025.03.12"]
[SourceVersion "1"]
[SourceVersionDate "2025.03.12"]
[SourceQuality "1"]

1. e4 c5 2. Nc3 Nc6 3. f4 g6 4. Nf3 Bg7 5. Bc4 e6 6. 0-0 Nge7 7. d4 Nxd4 8. Be3 Nxf3+ 9. Qxf3 d5 10. exd5 exd5 11. Nxd5 0-0 12. Bxc5 Nxd5 13. Bxf8 Bd4+ 14. Kh1 Ne3 15. Rfd1 Bg4 16. Qxb7 Nxc4 17. Bc5 Bxd1 18. Rxd1 Na5 19. Qe4 Bxc5 20. Rxd8+ Rxd8 21. h3 h5 22. b4 Rd1+ 23. Kh2 Bg1+ 24. Kg3 Rd4 25. Qe8+ Kg7 26. bxa5 Rc4 27. Qe5+ Kg8 28. c3 Bc5 29. Kf3 Bf8 30. Ke2 Rc5 31. Qd4 Rxa5 32. a4 Rc5 33. Kd3 Rc7 34. Qd8 Re7 35. a5 h4 36. a6 Re6 37. Qc8 Kg7 38. c4 Be7 39. c5 Bf6 40. c6 Be7 41. Qxe6 fxe6 42. c7 1-0

[Event "Titled Tuesday intern op 04th Feb Early"]
[Site "Chess.com INT"]
[Date "2025.02.04"]
[Round "1"]
[White "Burmakin, Vladimir"]
[Black "Nagare, Akhilesh"]
[Result "1-0"]
[WhiteElo "2435"]
[BlackElo "2211"]
[PlyCount "73"]
[EventDate "2025.02.04"]
[EventType "swiss (blitz)"]
[EventRounds "11"]
[EventCountry "USA"]
[SourceTitle "CB07_2025"]
[SourceDate "2025.02.12"]
[SourceVersion "1"]
[SourceVersionDate "2025.02.12"]
[SourceQuality "1"]

1. d4 Nf6 2. c4 g6 3. g3 Bg7 4. Bg2 0-0 5. e4 d6 6. Ne2 Nc6 7. 0-0 e5 8. d5 Nb8 9. Nbc3 a5 10. h3 Na6 11. Be3 Nh5 12. g4 Nf6 13. a3 Bd7 14. Ng3 b6 15. Qc2 h6 16. Rfb1 Nh7 17. Qd2 Qh4 18. b4 axb4 19. axb4 Ng5 20. Bxg5 hxg5 21. Nd1 f5 22. exf5 gxf5 23. gxf5 Qxc4 24. Qxg5 Qf4 25. Qg4 Nxb4 26. Rxa8 Rxa8 27. Rxb4 Qc1 28. Bf3 Ra1 29. Nh5 Qh6 30. Rc4 Be8 31. Nxg7 Qxg7 32. Rxc7 Qxg4+ 33. hxg4 Ba4 34. g5 Ra3 35. Ne3 Ra1+ 36. Kg2 Rc1 37. Rxc1 1-0

[Event "Titled Tuesday intern op 14th Jan Early"]
[Site "Chess.com INT"]
[Date "2025.01.14"]
[Round "5"]
[White "Ady, Jonathan James"]
[Black "Nagare, Akhilesh"]
[Result "0-1"]
[WhiteElo "2358"]
[BlackElo "2211"]
[PlyCount "52"]
[EventDate "2025.01.14"]
[EventType "swiss (blitz)"]
[EventRounds "11"]
[EventCountry "USA"]
[SourceTitle "CB04_2025"]
[SourceDate "2025.01.22"]
[SourceVersion "1"]
[SourceVersionDate "2025.01.22"]
[SourceQuality "1"]

1. e4 c5 2. Nf3 e6 3. d4 cxd4 4. Nxd4 Nf6 5. Nc3 Nc6 6. Be2 Bb4 7. 0-0 Bxc3 8. bxc3 Nxe4 9. Bd3 d5 10. Ba3 Qa5 11. Nb5 a6 12. Nd6+ Nxd6 13. Bxd6 Qxc3 14. Re1 Qf6 15. c4 Ne7 16. cxd5 Nxd5 17. Bb5+ Bd7 18. Bxd7+ Kxd7 19. Be5 Qe7 20. Rc1 Rhc8 21. Rxc8 Rxc8 22. Qa4+ Rc6 23. Bxg7 f6 24. Qd4 Qxg7 25. Qa7 Kc8 26. Rb1 Qc7 0-1

[Event "Titled Tuesday intern op 14th Jan Early"]
[Site "Chess.com INT"]
[Date "2025.01.14"]
[Round "4"]
[White "Kharmunova, Nadezhda"]
[Black "Nagare, Akhilesh"]
[Result "0-1"]
[WhiteElo "2022"]
[BlackElo "2211"]
[PlyCount "34"]
[EventDate "2025.01.14"]
[EventType "swiss (blitz)"]
[EventRounds "11"]
[EventCountry "USA"]
[SourceTitle "CB04_2025"]
[SourceDate "2025.01.22"]
[SourceVersion "1"]
[SourceVersionDate "2025.01.22"]
[SourceQuality "1"]

1. e4 c5 2. Nf3 e6 3. d4 cxd4 4. Nxd4 Nf6 5. Nc3 Nc6 6. Ndb5 Bc5 7. Be2 0-0 8. 0-0 d5 9. exd5 Nxd5 10. Nxd5 exd5 11. c3 Bf5 12. Bf4 Rc8 13. Bf3 Be4 14. Re1 Qf6 15. Bxe4 Qxf4 16. Bf3 Rcd8 17. Nc7 Qxc7 0-1

[Event "Titled Tuesday intern op 07th Jan Early"]
[Site "Chess.com INT"]
[Date "2025.01.07"]
[Round "2"]
[White "Agibileg, Uurtsaikh"]
[Black "Nagare, Akhilesh"]
[Result "1-0"]
[WhiteElo "2392"]
[BlackElo "2211"]
[PlyCount "81"]
[EventDate "2025.01.07"]
[EventType "swiss (blitz)"]
[EventRounds "11"]
[EventCountry "USA"]
[SourceTitle "CB03_2025"]
[SourceDate "2025.01.15"]
[SourceVersion "1"]
[SourceVersionDate "2025.01.15"]
[SourceQuality "1"]

1. d4 Nf6 2. c4 g6 3. Nc3 Bg7 4. e4 d6 5. Be2 0-0 6. Nf3 Nbd7 7. 0-0 e5 8. Be3 Ng4 9. Bg5 f6 10. Bh4 g5 11. Bg3 Nh6 12. dxe5 fxe5 13. Qd2 Nf7 14. b4 a5 15. a3 h5 16. h3 Bh6 17. Qd3 g4 18. hxg4 hxg4 19. Nh4 Nf6 20. Nf5 Bf4 21. Bh4 Ng5 22. g3 Bxf5 23. exf5 Nh3+ 24. Kg2 Bg5 25. Bxg4 Nf4+ 26. gxf4 Bxh4 27. Rg1 exf4 28. Kh3 Bg5 29. Nd5 Nh7 30. Bh5 Qd7 31. Bg6 Kh8 32. Kg2 Rf7 33. Bxf7 Qxf7 34. Rh1 Rg8 35. Kf3 Qg7 36. f6 Bxf6 37. Rxh7+ Qxh7 38. Qxh7+ Kxh7 39. Nxf6+ Kg7 40. Nxg8 Kxg8 41. bxa5 1-0

[Event "Titled Tuesday intern op 07th Jan Early"]
[Site "Chess.com INT"]
[Date "2025.01.07"]
[Round "3"]
[White "Krstic, Milos M"]
[Black "Nagare, Akhilesh"]
[Result "0-1"]
[WhiteElo "2241"]
[BlackElo "2211"]
[PlyCount "77"]
[EventDate "2025.01.07"]
[EventType "swiss (blitz)"]
[EventRounds "11"]
[EventCountry "USA"]
[SourceTitle "CB03_2025"]
[SourceDate "2025.01.15"]
[SourceVersion "1"]
[SourceVersionDate "2025.01.15"]
[SourceQuality "1"]

1. e4 c5 2. Nf3 Nc6 3. d4 cxd4 4. Nxd4 Nf6 5. Nc3 e6 6. Ndb5 Bc5 7. Nd6+ Ke7 8. Bf4 e5 9. Nf5+ Kf8 10. Be3 Bb4 11. Bg5 d5 12. Bxf6 Qxf6 13. Qxd5 Bxf5 14. exf5 Rd8 15. Qc4 Rd4 16. Qb5 Bxc3+ 17. bxc3 Rd7 18. Be2 h5 19. 0-0 Qxf5 20. Bf3 Rh6 21. Rad1 a6 22. Qc5+ Kg8 23. Be4 Qe6 24. Bxc6 Rxd1 25. Rxd1 bxc6 26. a4 h4 27. h3 Rg6 28. Rd8+ Kh7 29. Qf8 Kh6 30. Qh8+ Kg5 31. Re8 Qd5 32. Kh2 Kf6 33. Qxh4+ Rg5 34. f4 exf4 35. Qxf4+ Rf5 36. Qh4+ Rg5 37. Qf4+ Kg6 38. Qg4 Rxg4 39. hxg4 0-1

[Event "Titled Tuesday intern op 07th Jan Early"]
[Site "Chess.com INT"]
[Date "2025.01.07"]
[Round "8"]
[White "Nagare, Akhilesh"]
[Black "Parfenov, Viktor N"]
[Result "0-1"]
[WhiteElo "2211"]
[BlackElo "2193"]
[PlyCount "120"]
[EventDate "2025.01.07"]
[EventType "swiss (blitz)"]
[EventRounds "11"]
[EventCountry "USA"]
[SourceTitle "CB03_2025"]
[SourceDate "2025.01.15"]
[SourceVersion "1"]
[SourceVersionDate "2025.01.15"]
[SourceQuality "1"]

1. e4 e5 2. Nf3 Nc6 3. Bb5 a6 4. Ba4 Nf6 5. 0-0 Be7 6. Re1 b5 7. Bb3 0-0 8. a4 b4 9. d3 Bc5 10. h3 d6 11. Nbd2 Rb8 12. a5 Be6 13. Nc4 h6 14. Ba4 Bxc4 15. Bxc6 Bb5 16. Bxb5 Rxb5 17. Be3 c6 18. Qd2 Re8 19. Bxc5 dxc5 20. b3 Rxa5 21. Qe3 Nd7 22. Nd2 Rxa1 23. Rxa1 Qc8 24. Nc4 Re6 25. Ra5 Qb7 26. Qc1 Nb6 27. Nxb6 Qxb6 28. Qa1 Qd8 29. Rxa6 Qg5 30. Qd1 Rg6 31. Qf3 Qc1+ 32. Kh2 Rf6 33. Qg3 Qxc2 34. Ra8+ Kh7 35. f3 Qxd3 36. Qxe5 Qd6 37. Qxd6 Rxd6 38. Ra5 c4 39. bxc4 Rd4 40. c5 b3 41. Ra6 Rb4 42. Ra1 Kg6 43. Kg3 f5 44. Kf4 Kf6 45. Rb1 b2 46. h4 g5+ 47. hxg5+ hxg5+ 48. Ke3 fxe4 49. fxe4 Ke5 50. Kd3 Rb5 51. Kc4 Kxe4 52. g4 Kf4 53. Kc3 Kxg4 54. Kc2 Rxc5+ 55. Kb3 Rb5+ 56. Ka4 Kf5 57. Ka3 g4 58. Ka4 g3 59. Ka3 Kg4 60. Ka4 g2 0-1

[Event "Titled Tuesday intern op 07th Jan Early"]
[Site "Chess.com INT"]
[Date "2025.01.07"]
[Round "4"]
[White "Nagare, Akhilesh"]
[Black "Vereggen, Lars"]
[Result "0-1"]
[WhiteElo "2211"]
[BlackElo "2327"]
[PlyCount "40"]
[EventDate "2025.01.07"]
[EventType "swiss (blitz)"]
[EventRounds "11"]
[EventCountry "USA"]
[SourceTitle "CB03_2025"]
[SourceDate "2025.01.15"]
[SourceVersion "1"]
[SourceVersionDate "2025.01.15"]
[SourceQuality "1"]

1. e4 g6 2. d4 Bg7 3. Nc3 d6 4. Be2 a6 5. g4 b5 6. a3 Bb7 7. h4 h6 8. h5 g5 9. Bf3 Nd7 10. Nge2 c5 11. Be3 cxd4 12. Nxd4 Be5 13. Nf5 Ngf6 14. Qd3 Qc7 15. Ng7+ Kf8 16. Nf5 Bxc3+ 17. bxc3 Ne5 18. Bd4 Nxd3+ 19. cxd3 e5 20. Be3 Bc8 0-1

[Event "Lagos op 2nd"]
[Site "Lagos"]
[Date "2024.10.30"]
[Round "6"]
[White "Dinis de Sousa, Joao"]
[Black "Nagare, Akhilesh"]
[Result "1/2-1/2"]
[WhiteElo "2087"]
[BlackElo "2245"]
[PlyCount "137"]
[EventDate "2024.10.26"]
[EventType "swiss"]
[EventRounds "9"]
[EventCountry "POR"]
[SourceTitle "CB45_2024"]
[Source "ChessBase"]
[SourceDate "2024.11.06"]
[SourceVersion "1"]
[SourceVersionDate "2024.11.06"]
[SourceQuality "1"]

1. e4 c5 2. Nf3 Nc6 3. d4 cxd4 4. Nxd4 Nf6 5. Nc3 d6 6. Bg5 e6 7. Qd2 a6 8. 0-0-0 Be7 9. h4 Nxd4 10. Qxd4 Qc7 11. f3 b5 12. Kb1 Bd7 13. Bxf6 gxf6 14. g4 h6 15. Bh3 Qa7 16. Qd2 0-0-0 17. a3 Kb8 18. h5 Bc8 19. Rhe1 Bb7 20. Bf1 Qc5 21. Qe3 Rc8 22. Bd3 Qc7 23. Ne2 Qc5 24. Qxc5 dxc5 25. c3 Rhd8 26. Bc2 Kc7 27. Kc1 Bc6 28. Rg1 Rg8 29. Rg3 a5 30. Rgg1 a4 31. Rg3 Rg7 32. Rgg1 Rcg8 33. Rgf1 Bd6 34. Kd2 Rg5 35. Ke3 Rb8 36. Rc1 Be7 37. Rfd1 Rgg8 38. Rg1 Rgc8 39. Rgd1 Kb6 40. Ra1 Be8 41. Ng1 Ka5 42. Ne2 Rc7 43. Rd2 Rb6 44. Rdd1 Ka6 45. Rd2 Ka7 46. f4 Kb8 47. f5 Rbb7 48. Nf4 Rb6 49. Rad1 Kc8 50. Kf3 Rd7 51. fxe6 fxe6 52. e5 Rxd2 53. Rxd2 fxe5 54. Ng6 Bg5 55. Re2 Kd7 56. Nxe5+ Ke7 57. Bg6 b4 58. Nc4 Rb8 59. Bxe8 Rxe8 60. cxb4 cxb4 61. axb4 Rb8 62. Ne5 Rf8+ 63. Ke4 Kd6 64. Nd3 Rc8 65. Nc5 Rb8 66. Nd3 Rc8 67. Kf3 Rf8+ 68. Ke4 Rc8 69. Ne5 1/2-1/2

[Event "Fagernes Autumn op"]
[Site "Fagernes"]
[Date "2024.10.11"]
[Round "7"]
[White "Bjorkan, Olav"]
[Black "Nagare, Akhilesh"]
[Result "0-1"]
[WhiteElo "2022"]
[BlackElo "2245"]
[PlyCount "76"]
[EventDate "2024.10.06"]
[EventType "swiss"]
[EventRounds "9"]
[EventCountry "NOR"]
[SourceTitle "CB42_2024"]
[Source "ChessBase"]
[SourceDate "2024.10.16"]
[SourceVersion "1"]
[SourceVersionDate "2024.10.16"]
[SourceQuality "1"]

1. d4 Nf6 2. Nf3 g6 3. c4 Bg7 4. Nc3 d6 5. e4 0-0 6. h3 Nbd7 7. Be3 a5 8. g4 a4 9. g5 Nh5 10. Nxa4 c5 11. Nc3 Qa5 12. Be2 cxd4 13. Nxd4 Nc5 14. Qd2 f5 15. exf5 Bxf5 16. Nxf5 Rxf5 17. Nd5 Qd8 18. Bg4 Nb3 19. Qd1 Nxa1 20. Bxf5 gxf5 21. Qxa1 e6 22. Nb6 Ra6 23. Qd1 f4 24. Bc1 Qxg5 25. Nd7 Qg2 26. Qxh5 Qxh1+ 27. Kd2 Ra8 28. Qg4 Kh8 29. Qxe6 Qf1 30. Kc2 Qxf2+ 31. Kb1 Qd4 32. Qf5 Rd8 33. Qa5 b6 34. Nxb6 Rb8 35. Na4 Qd3+ 36. Ka1 Qc2 37. Qd2 Qxa4 38. Qxd6 Ra8 0-1

[Event "Fagernes Autumn op"]
[Site "Fagernes"]
[Date "2024.10.10"]
[Round "6"]
[White "Nagare, Akhilesh"]
[Black "Oye Stromberg, Alexander"]
[Result "0-1"]
[WhiteElo "2245"]
[BlackElo "2248"]
[PlyCount "88"]
[EventDate "2024.10.06"]
[EventType "swiss"]
[EventRounds "9"]
[EventCountry "NOR"]
[SourceTitle "CB42_2024"]
[Source "ChessBase"]
[SourceDate "2024.10.16"]
[SourceVersion "1"]
[SourceVersionDate "2024.10.16"]
[SourceQuality "1"]

1. e4 e5 2. Nf3 Nc6 3. Nc3 Nf6 4. d4 exd4 5. Nxd4 Bb4 6. Nxc6 bxc6 7. Bd3 0-0 8. 0-0 Re8 9. Bg5 h6 10. Bh4 d5 11. Bxf6 Qxf6 12. exd5 Bxc3 13. bxc3 cxd5 14. Qd2 Be6 15. Bb5 Red8 16. Qd4 Qxd4 17. cxd4 Rab8 18. Bd3 Rb2 19. Rfb1 Rdb8 20. c3 Kf8 21. a4 Ke7 22. Kf1 Kd6 23. Ke1 R8b3 24. Rxb2 Rxb2 25. a5 Kc6 26. Ra4 Kd6 27. Rb4 Ra2 28. Rb5 c6 29. Rc5 Ra1+ 30. Ke2 Rh1 31. h3 Rg1 32. Kf3 g5 33. g4 h5 34. gxh5 Rh1 35. Kg2 Rxh3 36. Be2 g4 37. f3 f5 38. Bd1 Rxh5 39. fxg4 fxg4 40. Ba4 Bd7 41. c4 Rf5 42. cxd5 Rxd5 43. Rc4 Rxa5 44. Bd1 Ra3 0-1

[Event "Fagernes Autumn op"]
[Site "Fagernes"]
[Date "2024.10.09"]
[Round "5"]
[White "Aamodt, Peder Marcus"]
[Black "Nagare, Akhilesh"]
[Result "1/2-1/2"]
[WhiteElo "2126"]
[BlackElo "2245"]
[PlyCount "182"]
[EventDate "2024.10.06"]
[EventType "swiss"]
[EventRounds "9"]
[EventCountry "NOR"]
[SourceTitle "CB42_2024"]
[Source "ChessBase"]
[SourceDate "2024.10.16"]
[SourceVersion "1"]
[SourceVersionDate "2024.10.16"]
[SourceQuality "1"]

1. e4 c5 2. Nf3 Nc6 3. Bb5 g6 4. 0-0 Bg7 5. c3 e5 6. d4 cxd4 7. cxd4 exd4 8. Bf4 Nge7 9. Bd6 0-0 10. Nbd2 a6 11. Bc4 b5 12. Bd5 Nxd5 13. Bxf8 Qxf8 14. exd5 Nb4 15. Nb3 Bb7 16. a3 Nxd5 17. Na5 Qb8 18. Qd2 d3 19. Nxb7 Qxb7 20. Rab1 b4 21. Qxd3 a5 22. Rfd1 Nf6 23. Ne5 d5 24. a4 Re8 25. Nf3 Qc6 26. Nd4 Qc4 27. Qxc4 dxc4 28. Nc6 Bh6 29. Rd4 c3 30. bxc3 bxc3 31. Rc4 Bd2 32. Nd4 Re4 33. Rc8+ Kg7 34. Nf3 Rxa4 35. Nxd2 cxd2 36. Rc2 Ne4 37. f3 Rb4 38. Ra1 Nd6 39. Rxd2 Nc4 40. Rda2 Rb5 41. Ra4 Ne3 42. Rxa5 Rb2 43. R5a2 Rb6 44. Re2 Nf5 45. Rd1 h5 46. g3 Rb3 47. Kf2 Ra3 48. Rd7 Rb3 49. Ra2 Rb4 50. h3 Rb3 51. Rad2 Rb4 52. g4 hxg4 53. hxg4 Nh6 54. Kg3 Rb8 55. Ra7 Rb5 56. Rdd7 g5 57. Ra6 Ng8 58. Rc7 Rd5 59. Kf2 Rb5 60. Ra3 Rb2+ 61. Ke3 Rb5 62. Kd3 Rd5+ 63. Kc4 Rd1 64. Rb7 Rc1+ 65. Kd4 Rd1+ 66. Ke3 Rd5 67. Ra6 Re5+ 68. Kd4 Re1 69. Rb5 f6 70. Rb7+ Ne7 71. Rbb6 Ng8 72. Kc5 Kf7 73. Rb7+ Ne7 74. Raa7 Re2 75. Kd6 Rd2+ 76. Kc7 Rd3 77. Kb6 Re3 78. Rc7 Re1 79. Rd7 Re3 80. Kc5 Re1 81. Ra8 Rc1+ 82. Kb5 Re1 83. Kc4 Rc1+ 84. Kb3 Rc6 85. Rh8 Ke6 86. Rd1 Ng6 87. Re8+ Kf7 88. Rb8 Rc7 89. Rd6 Ne5 90. Rbb6 Nd7 91. Ra6 Nc5+ 1/2-1/2

[Event "Titled Tuesday intern op 24th Sep Early"]
[Site "Chess.com INT"]
[Date "2024.09.24"]
[Round "3"]
[White "Nagare, Akhilesh"]
[Black "Hernandez Jimenez, Alexander Andres"]
[Result "1-0"]
[WhiteElo "2245"]
[BlackElo "2026"]
[PlyCount "91"]
[EventDate "2024.09.24"]
[EventType "swiss (blitz)"]
[EventRounds "11"]
[EventCountry "USA"]
[SourceTitle "EXT 2025"]
[Source "ChessBase"]
[SourceDate "2024.10.14"]
[SourceVersion "1"]
[SourceVersionDate "2024.10.14"]
[SourceQuality "1"]

1. c4 c5 2. g3 Nc6 3. Bg2 g6 4. Nc3 Bg7 5. d3 e6 6. h4 h5 7. Nh3 Nge7 8. Be3 b6 9. Qd2 Bb7 10. 0-0-0 a6 11. Kb1 Qc7 12. Bf4 d6 13. Ng5 Ne5 14. Nge4 f5 15. Nxd6+ Qxd6 16. Bxb7 Ra7 17. Bg2 0-0 18. d4 cxd4 19. Qxd4 Qxd4 20. Rxd4 Ng4 21. Rd6 Nxf2 22. Rf1 Ng4 23. Rxe6 Bxc3 24. bxc3 Rc8 25. Bg5 Kf7 26. Rxb6 Rxc4 27. e4 Rxc3 28. exf5 Nxf5 29. Bd5+ Kg7 30. Bc1 Nge3 31. Rxf5 Rxc1+ 32. Kxc1 Nxf5 33. Be4 a5 34. Bxf5 gxf5 35. a4 Re7 36. Rb5 Re3 37. Rxa5 Kf6 38. Ra6+ Ke5 39. Rg6 Ra3 40. Rg5 Ke4 41. a5 Rxa5 42. Rxh5 Ra3 43. Rg5 f4 44. Rg4 Rxg3 45. Rg5 f3 46. Rxg3 1-0

[Event "Titled Tuesday intern op 10th Sep Early"]
[Site "Chess,com INT"]
[Date "2024.09.10"]
[Round "7"]
[White "Lorenzo de la Riva, Lazaro"]
[Black "Nagare, Akhilesh"]
[Result "1-0"]
[WhiteElo "2415"]
[BlackElo "2245"]
[PlyCount "119"]
[EventDate "2024.09.10"]
[EventType "swiss (blitz)"]
[EventRounds "11"]
[EventCountry "USA"]
[SourceTitle "EXT 2025"]
[Source "ChessBase"]
[SourceDate "2024.10.14"]
[SourceVersion "1"]
[SourceVersionDate "2024.10.14"]
[SourceQuality "1"]

1. e4 c5 2. Nc3 a6 3. f4 b5 4. g3 Bb7 5. Bg2 e6 6. d3 Nc6 7. Nf3 d6 8. 0-0 Qb6 9. Kh1 h6 10. Ne2 Nf6 11. c3 Be7 12. h3 c4 13. dxc4 Nxe4 14. cxb5 axb5 15. Nfd4 Nxd4 16. Qxd4 Qxd4 17. cxd4 f5 18. Kh2 g5 19. Nc3 Nxc3 20. Bxb7 Rxa2 21. Rxa2 Nxa2 22. Bd2 d5 23. Bc6+ Kf7 24. g4 gxf4 25. gxf5 Nb4 26. Bd7 exf5 27. Bxf4 Bf6 28. Bxf5 Re8 29. Bg4 Nd3 30. Bh5+ Kf8 31. Bxe8 Kxe8 32. Bxh6 Bxd4 33. b3 Be5+ 34. Kg2 Nc5 35. Re1 Ne4 36. Kf3 Kd7 37. Rxe4 dxe4+ 38. Kxe4 Ke6 39. Bf4 Bb2 40. h4 Bc3 41. h5 Bb2 42. Be3 Bg7 43. h6 Bxh6 44. Bxh6 Kd6 45. Kd4 Kc6 46. Bd2 Kb6 47. Bb4 Kc6 48. Ke5 Kb6 49. Kd5 Ka6 50. Kc6 Ka7 51. Kxb5 Kb7 52. Be1 Kc7 53. b4 Kb7 54. Ka5 Ka7 55. b5 Kb7 56. b6 Kc6 57. Ka6 Kd7 58. b7 Kc6 59. b8Q Kd5 60. Qc7 1-0

[Event "Titled Tuesday intern op 10th Sep Early"]
[Site "Chess,com INT"]
[Date "2024.09.10"]
[Round "4"]
[White "Nagare, Akhilesh"]
[Black "Estrada Nieto, Julian"]
[Result "0-1"]
[WhiteElo "2245"]
[BlackElo "2204"]
[PlyCount "56"]
[EventDate "2024.09.10"]
[EventType "swiss (blitz)"]
[EventRounds "11"]
[EventCountry "USA"]
[SourceTitle "EXT 2025"]
[Source "ChessBase"]
[SourceDate "2024.10.14"]
[SourceVersion "1"]
[SourceVersionDate "2024.10.14"]
[SourceQuality "1"]

1. e4 e5 2. Nf3 Nc6 3. Nc3 Nf6 4. d4 exd4 5. Nxd4 Bb4 6. Nxc6 bxc6 7. Bd3 d5 8. Bd2 0-0 9. 0-0 Rb8 10. e5 Ng4 11. h3 Nxe5 12. Bxh7+ Kxh7 13. Qh5+ Kg8 14. Qxe5 Re8 15. Qg3 Bd6 16. Qg5 Qxg5 17. Bxg5 Rxb2 18. Rfc1 Bf5 19. Be3 a6 20. Ne2 Rxc2 21. Nd4 Rxc1+ 22. Rxc1 Bd7 23. Nxc6 Re4 24. Nb8 Bb5 25. Bc5 Rc4 26. Rxc4 dxc4 27. Bd4 c5 28. Be5 Bxe5 0-1

[Event "Titled Tuesday intern op 10th Sep Early"]
[Site "Chess,com INT"]
[Date "2024.09.10"]
[Round "6"]
[White "Nagare, Akhilesh"]
[Black "Holinka, Henning"]
[Result "1-0"]
[WhiteElo "2245"]
[BlackElo "2284"]
[PlyCount "51"]
[EventDate "2024.09.10"]
[EventType "swiss (blitz)"]
[EventRounds "11"]
[EventCountry "USA"]
[SourceTitle "EXT 2025"]
[Source "ChessBase"]
[SourceDate "2024.10.14"]
[SourceVersion "1"]
[SourceVersionDate "2024.10.14"]
[SourceQuality "1"]

1. e4 c6 2. d4 d5 3. exd5 cxd5 4. c4 Nf6 5. Nc3 Nc6 6. Bg5 dxc4 7. Bxc4 e6 8. Nf3 Be7 9. a3 0-0 10. 0-0 b6 11. Qd3 Bb7 12. Ba2 h6 13. Bd2 Qd7 14. Rad1 Rfd8 15. Bc1 Rac8 16. Rfe1 Qc7 17. h3 Na5 18. Ne5 Nd5 19. Ne4 Qc2 20. Qg3 f5 21. Bxh6 Bf8 22. Bxd5 fxe4 23. Bxe6+ Kh8 24. Qg6 Rc7 25. Bg5 Rb8 26. Qh5# 1-0

[Event "Leca da Palmeira op 3rd"]
[Site "Leca da Palmeira"]
[Date "2024.08.05"]
[Round "8"]
[White "Nagare, Akhilesh"]
[Black "Ribeiro, Gustavo"]
[Result "1/2-1/2"]
[WhiteElo "2069"]
[BlackElo "2256"]
[PlyCount "107"]
[EventDate "2024.07.31"]
[EventType "swiss"]
[EventRounds "9"]
[EventCountry "POR"]
[SourceTitle "EXT 2025"]
[Source "ChessBase"]
[SourceDate "2024.10.14"]
[SourceVersion "1"]
[SourceVersionDate "2024.10.14"]
[SourceQuality "1"]

1. e4 e5 2. Nf3 Nc6 3. Nc3 Nf6 4. Bb5 Nd4 5. 0-0 Nxf3+ 6. Qxf3 c6 7. Bc4 Be7 8. d3 0-0 9. h3 d6 10. Ne2 h6 11. Ng3 Nh7 12. Nh5 Bh4 13. g4 Bg5 14. Be3 Be6 15. Bb3 a5 16. c3 a4 17. Bc2 g6 18. Ng3 Qf6 19. Qg2 Bf4 20. Kh1 Kh8 21. Ne2 Bxe3 22. fxe3 Qh4 23. Qg3 Qxg3 24. Nxg3 c5 25. a3 Rfc8 26. Rf2 Kg7 27. Rg1 Kf8 28. Ne2 Ke7 29. c4 Bd7 30. Nc3 Bc6 31. Kh2 Rf8 32. Rgf1 h5 33. gxh5 gxh5 34. h4 f5 35. Rxf5 Nf6 36. Bd1 Rf7 37. Rg1 Rb8 38. Rgg5 b5 39. cxb5 Bxb5 40. Nxb5 Rxb5 41. Rg2 c4 42. dxc4 Rc5 43. Rc2 Rg7 44. Rg5 Rxg5 45. hxg5 Nxe4 46. Rg2 Rxc4 47. g6 Nf6 48. g7 Rh4+ 49. Kg3 Rh1 50. Bxa4 Kf7 51. Kf2 Ng4+ 52. Ke2 Kxg7 53. Bd7 Kf6 54. Kd3 1/2-1/2